000
00279nam a22001217a 4500
008
170405b xxu||||| |||| 00| 0 eng d
041
_a
eng
080
_2
5 ED
_a
574
100
_a
9
101
_a
SHM
245
_a
MEDICAL ANTHROPOLOGY IN ECOLOGY
_c
TOWNSEND.P.K
942
_2
udc
_c
BK
999
_c
9891
_d
9891